Taking charge: leadership in the public service : (Record no. 2004)

000 -LEADER
fixed length control field nam a22 a 4500
003 - CONTROL NUMBER IDENTIFIER
control field AKMAL
005 - DATE AND TIME OF LATEST TRANSACTION
control field 20170512162152.0
008 - FIXED-LENGTH DATA ELEMENTS--GENERAL INFORMATION
fixed length control field 170512s2009 my a e | 101 0 eng d
020 ## - INTERNATIONAL STANDARD BOOK NUMBER
International Standard Book Number 9789833109401
039 #9 - LEVEL OF BIBLIOGRAPHIC CONTROL AND CODING DETAIL [OBSOLETE]
Level of rules in bibliographic description 201205161650
Level of effort used to assign nonsubject heading access points rosenah
Level of effort used to assign subject headings 201203091305
Level of effort used to assign classification hasliza
Level of effort used to assign subject headings 201202211712
Level of effort used to assign classification husna
Level of effort used to assign subject headings 201201061039
Level of effort used to assign classification idarus
040 ## - CATALOGING SOURCE
Original cataloging agency AKMAL
Transcribing agency AKMAL
049 ## - LOCAL HOLDINGS (OCLC)
Holding library mal
082 04 - DEWEY DECIMAL CLASSIFICATION NUMBER
Classification number 351.595
Edition number 22
090 00 - LOCALLY ASSIGNED LC-TYPE CALL NUMBER (OCLC); LOCAL CALL NUMBER (RLIN)
Classification number (OCLC) (R) ; Classification number, CALL (RLIN) (NR) 351.595
111 2# - MAIN ENTRY--MEETING NAME
Meeting name or jurisdiction name as entry element Civil Service Conference
Number of part/section/meeting (13th :
Date of meeting 2008 :
Location of meeting Kuala Lumpur)
9 (RLIN) 4155
245 10 - TITLE STATEMENT
Title Taking charge: leadership in the public service :
Remainder of title proceedings of the thirteenth Civil Service Conference, 4-5 August 2008 /
Statement of responsibility, etc. edited by Dato' Muhamad Hamzah, Noor Zari Hamat ; [jointly organised by] National Institute of Public Administration (INTAN), Public Service Department and Administrative and Diplomatic Service Association (PPTD), Malaysia
260 ## - PUBLICATION, DISTRIBUTION, ETC.
Place of publication, distribution, etc. Kuala Lumpur :
Name of publisher, distributor, etc. Institut Tadbiran Awam Negara,
Date of publication, distribution, etc. 2009
263 ## - PROJECTED PUBLICATION DATE
Projected publication date 200909
300 ## - PHYSICAL DESCRIPTION
Extent x, 74p. :
Other physical details ill. ;
Dimensions 23cm.
650 10 - SUBJECT ADDED ENTRY--TOPICAL TERM
Topical term or geographic name entry element Civil service
Geographic subdivision Malaysia
Form subdivision Congresses
9 (RLIN) 4105
650 20 - SUBJECT ADDED ENTRY--TOPICAL TERM
Topical term or geographic name entry element Public administration
Geographic subdivision Malaysia
Form subdivision Congresses
9 (RLIN) 4106
700 0# - ADDED ENTRY--PERSONAL NAME
Personal name Muhamad Hamzah,
Titles and other words associated with a name Dato'
9 (RLIN) 4156
700 0# - ADDED ENTRY--PERSONAL NAME
Personal name Noor Zari Hamat
9 (RLIN) 4157
710 2# - ADDED ENTRY--CORPORATE NAME
Corporate name or jurisdiction name as entry element Institut Tadbiran Awam Negara
9 (RLIN) 410
710 2# - ADDED ENTRY--CORPORATE NAME
Corporate name or jurisdiction name as entry element Persatuan Perkhidmatan Tadbir dan Diplomatik
9 (RLIN) 4110
942 ## - ADDED ENTRY ELEMENTS (KOHA)
Source of classification or shelving scheme
Koha item type Book
Holdings
Withdrawn status Lost status Source of classification or shelving scheme Damaged status Not for loan Collection code Home library Current library Date acquired Inventory number Total Checkouts Full call number Barcode Date last seen Price effective from Koha item type
          NON-FICTION AKMAL Melaka AKMAL Melaka 12.05.2017 305042   351.595 201705951 12.05.2017 12.05.2017 Book
          NON-FICTION AKMAL Melaka AKMAL Melaka 12.05.2017 305043   351.595 201705952 12.05.2017 12.05.2017 Book
Pusat Sumber Maklumat Dato' Haji Sarmin Md Hussin, Akademi Kastam Diraja Malaysia, Melaka
Tel: 06-2331106 | Faks: 06-2313787